000 00979nam a2200253 a 4500
001 000015910
003 DO-SdBNP
005 20250507151701.0
008 100222s19811983dr 000 0 spa d
040 _aDO-SdBNP
_bspa
_cBNPHU
082 _a343.0767293
_bR786d
100 1 _aRoque Román, Euripides R.
_935789
245 1 0 _aDerecho agrario dominicano :
_bcomentario de las disposiciones legales que atañen al desenvolmiento agrícola de la República Dominicana /
_cRoque Román Euripides R.
260 _aSanto Domingo :
_bONAP,
_c1981-1983.
300 _a2 v. ;
_c22 cm.
490 1 _aEstudios jurídicos;
_v8
590 _aInventariado, 2018/VM
650 4 _aDerecho agrario
_xLegislación
_935790
651 0 _aDerecho agrario
_zRepública Dominicana
_987700
710 1 _aRepública Dominicana.
_bOficina Nacional de Administración y Personal
_926398
830 0 _aEstudios jurídicos;
_n8
_935791
910 _aValidado. Control de calidad BNPHU
942 _2ddc
_cLBS1
999 _c15452
_d15452